000 00447nam a2200181Ia 4500
001 25033
005 20260414151123.0
008 260414t2021||||xx |||||||||||||| ||spa||
041 _aESP
082 _a346.1J
_bE91
100 _aEsquivel Oviedo, Juan Carlos
_eAUT
245 0 _aEl derecho civil en su jurisprudencia
_b
260 _c2021
300 _a446 páginas :
_c25 cm.
650 _aDER
654 _aCDE
942 _cLIB
_dJUS
_fJUS
_2ddc
_n
999 _c25033
_d25033